000 00444nam a2200181Ia 4500
001 13951
005 20260306164838.0
008 260306t1999||||xx |||||||||||||| ||spa||
041 _aESP
082 _a00S
_b5.74 D92
100 _aDorsey, Paul
_eAUT
245 0 _aOracle 8:
_bdiseño de bases de datos con UML
260 _c1999
300 _axxvii, 394 páginas :
_c24 cm.
650 _aGEN
654 _aCCC
942 _cLIB
_dJUS
_fJUS
_2ddc
_n
999 _c13951
_d13951